Types Of bodies of water - Statistics

General Stats
  • This quiz has been taken 119 times
  • The average score is 11 of 45
Answer Stats
Rank Bodies Of Water % Correct
1 Ocean
99%
2 Sea
96%
15 River
93%
11 Pond
72%
5 Bay
68%
12 Stream
67%
3 Gulf
57%
4 Creek
52%
32 Puddle
39%
41 Delta
37%
19 Pool
37%
10 Lakes
34%
20 Channel
30%
27 Inlet
29%
40 Brook
27%
34 Spring
27%
18 Swamp
27%
26 Lagoon
26%
36 Glacier
23%
25 Marsh
23%
35 Loch
22%
43 Estuary
21%
6 Bight
16%
9 Harbor
15%
8 Bayou
12%
42 Bog
12%
23 Cove
12%
31 Port
12%
13 Hot Spring
9%
7 Basin
8%
38 Flood
8%
28 Moat
5%
45 Wash
5%
30 Tarn
4%
37 Firth
3%
21 Kettle
3%
24 Mere
3%
33 Run
3%
16 Draw
2%
39 Kill
2%
29 Seep
2%
14 Boil
1%
17 Gill
1%
22 Lick
1%
44 Shoal
1%
No matching quizzes found
Score Distribution
Percent of People with Each Score
Percentile by Number Answered
Your Score History
You have not taken this quiz